[Event "FRA-chT4 0809"]
[White "Carassus, Jean Louis"]
[Black "Pagnoncelli, Herve"]
[Site "France "]
[Round "5"]
[Result "0-1"]
[Date "2009.02.08"]
[WhiteElo "1790"]
[BlackElo "1881"]
[PlyCount "51"]
[EventDate "2008.10.??"]
[EventType "team-tourn"]
[EventRounds "9"]
[EventCountry "FRA"]
[SourceTitle "EXT 2010"]
[Source "ChessBase"]
[SourceDate "2010.11.25"]
[SourceVersion "1"]
[SourceVersionDate "2010.11.25"]
[SourceQuality "1"]

1. f4 d5 2. Nf3 Nf6 3. e3 Bg4 4. Be2 Nc6 5. b3 Bxf3 6. Bxf3 e5 7. fxe5 Nxe5 8. Bb2 Bd6 9. Nc3 c6 10. 0-0 0-0 11. Ne2 Nfg4 12. Nf4 Qh4 13. Nh3 Nxh2 14. Bxe5 Bxe5 15. d4 Nxf1 16. Qxf1 Bd6 17. c4 Qg3 18. Rd1 dxc4 19. bxc4 Rae8 20. e4 Re6 21. e5 Bc7 22. Qd3 Rd8 23. Qf5 Rg6 24. Be4 Bxe5 25. Rf1 Qh2+ 26. Kf2 0-1